[Event "WJCC U20 Girls 2019"]
[Site "New Delhi"]
[Date "2019.10.24"]
[Round "10.2"]
[White "Dordzhieva, Dinara"]
[Black "Alinasab, Mobina"]
[Result "1/2-1/2"]
[WhiteElo "2335"]
[BlackElo "2239"]
[Annotator "NA"]
[PlyCount "119"]
[EventDate "2019.10.15"]
[EventType "swiss"]
[EventCountry "IND"]
[SourceTitle "playchess.com"]
[Source "ChessBase"]
[SourceQuality "1"]
[TimeControl "40/5400+30:1800+30"]

1. e4 {[%emt 0:00:00]} e6 {[%emt 0:00:42]} 2. d4 {[%emt 0:00:00]} d5 {[%emt 0:00:03]} 3. Nc3 {[%emt 0:00:02]} Nf6 {[%emt 0:00:06]} 4. e5 {[%emt 0:00:04]} Nfd7 {[%emt 0:00:03]} 5. f4 {[%emt 0:00:20]} c5 {[%emt 0:00:24]} 6. Nf3 {[%emt 0:00:32]} Nc6 {[%emt 0:00:19]} 7. Be3 {[%emt 0:00:27]} a6 {[%emt 0:00:57]} 8. Be2 {[%emt 0:09:23]} b5 {[%emt 0:00:15]} 9. Qd2 {[%emt 0:04:02]} Qb6 {[%emt 0:00:52]} 10. O-O {[%emt 0:05:27]} cxd4 {[%emt 0:18:34] C11: French: Classical System: 4 e5 and 4 Bg5 dxe4} 11. Nxd4 {[%emt 0:00:32]} Bc5 {[%emt 0:03:23]} 12. Rad1 {[%emt 0:00:33]} O-O {[%emt 0:01:51]} (12... g6 13. a3 Bb7 14. Rf3 Nxd4 15. Bxd4 Bxd4+ 16. Qxd4 Rc8 17. Rh3 Ke7 18. Kf1 Qxd4 19. Rxd4 {½-½ (91) Kamsky,G (2700)-Akobian,V (2556) Philadelphia 2005}) 13. Bf3 {[%emt 0:04:40]} Nxd4 {[%emt 0:02:05]} 14. Bxd4 {[%emt 0:00:04]} Bxd4+ {[%emt 0:00:35]} 15. Qxd4 {[%emt 0:00:04]} Qxd4+ $146 {[%emt 0:00:17]} ({Predecessor:} 15... Bb7 16. Ne2 Rac8 17. c3 Rc4 18. Qxb6 Nxb6 {½-½ (86) Guerreiro,A (1962)-Pinto,R (2022) Sao Paulo 2014}) 16. Rxd4 {[%emt 0:00:04]} Rb8 {[%emt 0:00:10]} 17. Rdd1 {[%emt 0:05:06]} Nb6 {[%emt 0:00:53]} 18. b3 {[%emt 0:01:38]} b4 {[%emt 0:06:55]} 19. Ne2 {[%emt 0:01:44]} a5 {[%emt 0:00:06]} 20. Nd4 {[%emt 0:00:32]} Bd7 {[%emt 0:00:25]} 21. Rfe1 {[%emt 0:10:24]} Rfc8 {[%emt 0:00:42]} 22. Be2 $11 {[%emt 0:08:10]} Rc5 {[%emt 0:06:58]} 23. Bd3 {[%emt 0:03:28]} Nc8 {[%emt 0:02:59]} 24. Kf2 {[%emt 0:06:54]} Na7 {[%emt 0:05:36]} 25. Ra1 {[%emt 0:08:21]} Nc6 {[%emt 0:27:48]} 26. Nxc6 {[%emt 0:07:09]} Bxc6 {[%emt 0:00:07]} 27. a3 {[%emt 0:00:07]} g6 {[%emt 0:01:00]} 28. Ke3 {[%emt 0:02:58]} Bd7 {[%emt 0:04:36]} 29. axb4 {[%emt 0:07:45]} Rxb4 {[%emt 0:03:22]} 30. Ra3 {[%emt 0:01:19]} a4 {[%emt 0:02:33]} 31. bxa4 {[%emt 0:05:57]} Bxa4 {[%emt 0:01:31]} 32. c3 {[%emt 0:02:32]} Rxc3 {[%emt 0:00:20]} 33. Rxc3 {[%emt 0:01:31]} d4+ {[%emt 0:00:01]} 34. Kd2 {[%emt 0:00:04]} dxc3+ {[%emt 0:00:08]} 35. Kxc3 {[%emt 0:00:03]} Rxf4 {[%emt 0:00:19]} 36. Re4 {[%emt 0:01:41]} Rxe4 {[%emt 0:01:53]} 37. Bxe4 {[%emt 0:00:03]} f6 {[%emt 0:06:51]} 38. exf6 {[%emt 0:01:36]} Kf7 {[%emt 0:00:05]} 39. Kd4 {[%emt 0:00:03]} Kxf6 {[%emt 0:00:04]} 40. h4 {[%emt 0:00:07]} Bd1 {[%emt 0:00:51]} 41. g3 {[%emt 0:30:34]} Bg4 {[%emt 0:12:50]} 42. Bd3 {[%emt 0:00:00]} Bf5 {[%emt 0:06:10]} 43. Be2 {[%emt 0:00:00]} h6 {[%emt 0:01:34]} 44. Bd1 {[%emt 0:00:00]} Bb1 {[%emt 0:00:38]} 45. Bg4 {[%emt 0:00:00]} Ba2 {[%emt 0:01:00]} 46. Bh3 {[%emt 0:00:00]} Bd5 {[%emt 0:00:42]} 47. Bg4 {[%emt 0:00:00]} Bg2 {[%emt 0:00:54]} 48. Bd1 {[%emt 0:00:00]} Kf5 {[%emt 0:03:22]} 49. Bc2+ {[%emt 0:00:00]} Kg4 {[%emt 0:00:35]} 50. Bxg6 {[%emt 0:00:00]} Kxg3 {[%emt 0:00:03]} 51. Ke5 Bh3 {[%emt 0:01:59]} 52. h5 {[%emt 0:00:00]} Kh4 {[%emt 0:01:21]} 53. Bf7 {[%emt 0:00:00]} Bg4 {[%emt 0:01:50]} 54. Bxe6 {[%emt 0:00:00]} Kxh5 {[%emt 0:00:20]} 55. Bf7+ {[%emt 0:00:00]} Kg5 {[%emt 0:00:05]} 56. Be8 {[%emt 0:00:00]} Bc8 {[%emt 0:00:18]} 57. Ke4 {[%emt 0:00:00]} Bf5+ {[%emt 0:00:14]} 58. Ke3 {[%emt 0:00:00]} Bg6 {[%emt 0:00:13]} 59. Bxg6 {[%emt 0:00:00]} Kxg6 {[%emt 0:00:04]} 60. Ke4 1/2-1/2

[Event "WJCC U20 Girls 2019"]
[Site "New Delhi"]
[Date "2019.10.24"]
[Round "10.3"]
[White "Munkhzul, Turmunkh"]
[Black "Solozhenkina, Elizaveta"]
[Result "0-1"]
[WhiteElo "2332"]
[BlackElo "2283"]
[Annotator "TA"]
[PlyCount "62"]
[EventDate "2019.10.15"]
[EventType "swiss"]
[EventCountry "IND"]
[SourceTitle "playchess.com"]
[Source "ChessBase"]
[SourceQuality "1"]

{[%evp 27,64,0,20,23,28,2,18,10,15,11,0,0,0,-24,37,0,0,-45,-37,-92,-95,-108,-98,-171,-164,-162,-167,-164,-116,-101,-59,-369,-286,-917,-911,-29991,-29992,-29997,-29998]} 1. e4 c5 2. Nf3 d6 3. d4 cxd4 4. Nxd4 Nf6 5. Nc3 a6 6. Be2 e5 7. Nb3 Be7 8. O-O O-O 9. Be3 Be6 10. Qd2 Nbd7 {[%cal Bb8d7,Bd7b6,Bb6c4][%mdl 32]} 11. a4 Nb6 12. a5 Nc4 13. Bxc4 Bxc4 14. Rfd1 h6 15. f3 {B92: Sicilian Najdorf: 6 Be2} Rc8 (15... Qc7 16. Qf2 Qc6 17. Ra4 Rad8 18. Bb6 Rc8 19. Nc1 d5 20. exd5 Bxd5 21. Nd3 e4 22. Nf4 Bc4 {½-½ (34) Polgar,J (2709)-Mareco,S (2579) Caxias do Sul 2012}) 16. Bb6 Qe8 17. Nc1 {The position is equal.} Nd7 $146 ({Predecessor:} 17... Qc6 18. Nd3 Bxd3 19. Qxd3 Qc4 20. Qd2 Rfe8 21. Ra4 Qc6 22. Rb4 Qd7 {½-½ (49) Shankland,S (2539)-Arun Prasad,S (2489) Dresden 2011}) 18. Be3 f5 19. exf5 Rxf5 20. N1e2 Qg6 (20... Rf7 $11) 21. Ng3 (21. Nd5 $5 {[%cal Rd5e7]} Rf7 22. Nxe7+ Rxe7 23. Ng3 $14) 21... Rf7 22. Kh1 Nf6 23. Nge4 ({White should try} 23. Bf2 $15) 23... Nxe4 $17 24. fxe4 Rcf8 25. b3 {[#]} (25. Kg1 $17 {was necessary.}) 25... Bf1 $1 $19 {Strongly threatening ...Rf2!} 26. Nd5 Bh4 27. Bf4 Bb5 ({Don't play} 27... Qxe4 28. Rxf1 Bg5 29. Rae1 $15 (29. Ra4 Bxf4 30. Nxf4 Rxf4 $17)) 28. Be3 Kh8 $40 {[%mdl 128] ...Rf2! is the strong threat. Black has some attack.} 29. g3 $2 {[%mdl 8192]} (29. c4 $15) 29... Bf1 (29... Qxe4+ 30. Qg2 $17) 30. Nc3 $2 {[#]} (30. Rxf1 Rxf1+ 31. Rxf1 Rxf1+ 32. Kg2) 30... Bxg3 $1 {[%mdl 512]} 31. hxg3 Qxg3 0-1

[Event "WJCC U20 Girls 2019"]
[Site "New Delhi"]
[Date "2019.10.24"]
[Round "10.4"]
[White "Li, Yunshan"]
[Black "Tsolakidou, Stavroula"]
[Result "1/2-1/2"]
[WhiteElo "2289"]
[BlackElo "2431"]
[Annotator "NA"]
[PlyCount "114"]
[EventDate "2019.10.15"]
[EventType "swiss"]
[EventCountry "IND"]
[SourceTitle "playchess.com"]
[Source "ChessBase"]
[SourceQuality "1"]
[TimeControl "40/5400+30:1800+30"]

1. d4 {[%emt 0:00:00]} Nf6 {[%emt 0:00:00]} 2. c4 {[%emt 0:00:00]} e6 {[%emt 0:00:00]} 3. g3 {[%emt 0:00:00]} d5 {[%emt 0:02:09]} 4. Bg2 {[%emt 0:00:09]} dxc4 {[%emt 0:00:09]} 5. Nf3 {[%emt 0:00:24]} a6 {[%emt 0:00:07]} 6. O-O {[%emt 0:04:03]} Nc6 {[%emt 0:00:10]} 7. e3 {[%emt 0:00:45]} Rb8 {[%emt 0:00:21]} 8. Qe2 {[%emt 0:01:03] E04: Open Catalan: 5 Nf3} (8. Nfd2 e5 9. Bxc6+ bxc6 10. dxe5 Ng4 11. Nxc4 Be6 12. Qe2 h5 13. Rd1 Qc8 14. Qf3 Rb6 15. Nxb6 cxb6 16. h4 Nxe5 {½-½ (41) Grischuk,A (2759)-Ding,L (2811) Khanty-Mansiysk 2019}) 8... b5 {[%emt 0:00:30]} 9. b3 {[%emt 0:01:07]} cxb3 {[%emt 0:00:07]} 10. axb3 {[%emt 0:00:06]} Be7 {[%emt 0:00:23]} 11. Bb2 {[%emt 0:01:48]} O-O {[%emt 0:00:21]} 12. Rc1 {[%emt 0:01:49]} Rb6 {[%emt 0:00:16]} 13. Ne1 $146 {[%emt 0:13:28]} ({Predecessor:} 13. Nbd2 Bb7 14. Ne1 Nb4 15. Bxb7 Rxb7 {1-0 (59) Arun Prasad,S (2530)-Akshayraj,K (2386) Moscow 2012}) 13... Bb7 {[%emt 0:11:53]} 14. Nd3 {[%emt 0:01:41]} Qa8 {[%emt 0:00:06]} 15. Qf1 {[%emt 0:02:54]} Nb4 {[%emt 0:00:29]} 16. Nxb4 {[%emt 0:08:19]} Bxb4 {[%emt 0:00:06]} 17. Rxc7 {[%emt 0:11:14]} Bxg2 {[%emt 0:01:21]} 18. Qxg2 {[%emt 0:00:14]} Nd5 {[%emt 0:00:22]} 19. Rc1 {[%emt 0:02:33]} Rc8 {[%emt 0:01:19]} 20. Na3 {[%emt 0:12:53]} Rxc1+ {[%emt 0:03:55]} 21. Rxc1 {[%emt 0:00:20]} Rc6 {[%emt 0:00:18]} 22. Qf1 {[%emt 0:09:36]} f5 {[%emt 0:00:36]} 23. Rxc6 {[%emt 0:01:50]} Qxc6 {[%emt 0:00:06]} 24. Qc1 $15 {[%emt 0:02:14]} Qb7 {[%emt 0:26:08]} 25. Nc2 {[%emt 0:01:42]} Bd6 {[%emt 0:00:28]} 26. f3 {[%emt 0:06:42]} Nf6 {[%emt 0:03:31]} 27. Kf2 {[%emt 0:00:45]} a5 {[%emt 0:00:15]} 28. Ne1 {[%emt 0:02:37]} h6 {[%emt 0:06:35]} 29. Nd3 {[%emt 0:01:17]} Qd5 {[%emt 0:08:34]} 30. Qc2 {[%emt 0:00:34]} Kh7 {[%emt 0:00:44]} 31. Nc5 {[%emt 0:03:06]} Qc6 {[%emt 0:01:54]} 32. Qd3 {[%emt 0:03:39]} Be7 {[%emt 0:02:22]} 33. g4 {[%emt 0:05:45]} g6 {[%emt 0:01:07]} 34. gxf5 {[%emt 0:00:06]} exf5 {[%emt 0:00:45]} 35. e4 {[%emt 0:01:31]} fxe4 {[%emt 0:01:09]} 36. Nxe4 {[%emt 0:00:51]} Nd5 {[%emt 0:03:28]} 37. Nc3 {[%emt 0:00:09]} Nf4 {[%emt 0:03:06]} 38. Qe3 {[%emt 0:01:09]} Qc7 {[%emt 0:00:17]} 39. Kf1 {[%emt 0:00:26]} Bg5 {[%emt 0:02:58]} 40. Ne4 {[%emt 0:00:38]} Qd7 {[%emt 0:03:09]} 41. Nxg5+ {[%emt 0:02:59]} hxg5 {[%emt 0:03:43]} 42. Kg1 {[%emt 0:02:53]} Qf5 {[%emt 0:10:50]} 43. Qe4 {[%emt 0:03:15]} Nd5 {[%emt 0:04:30]} 44. Kf2 {[%emt 0:04:34]} a4 {[%emt 0:00:57]} 45. bxa4 {[%emt 0:00:42]} bxa4 {[%emt 0:00:04]} 46. Ba3 {[%emt 0:01:57]} Kg7 {[%emt 0:03:07]} 47. Qe8 {[%emt 0:11:26]} Qc2+ {[%emt 0:06:18]} 48. Kg3 {[%emt 0:00:25]} Qf5 {[%emt 0:01:07]} 49. Kf2 {[%emt 0:00:32]} Kh7 {[%emt 0:06:06]} 50. Qe4 {[%emt 0:01:36]} Qd7 {[%emt 0:00:25]} 51. Qe5 {[%emt 0:00:58]} Nf4 {[%emt 0:03:20]} 52. Qe4 {[%emt 0:04:06]} Qf7 {[%emt 0:02:06]} 53. d5 {[%emt 0:01:07]} Nxd5 {[%emt 0:02:36]} 54. Qxa4 {[%emt 0:00:09]} Nf4 {[%emt 0:00:08]} 55. Bd6 {[%emt 0:00:42]} Qf5 {[%emt 0:04:37]} 56. Qe4 {[%emt 0:00:39]} Ne6 {[%emt 0:00:53]} 57. Qxf5 {[%emt 0:00:17]} gxf5 {[%emt 0:00:04]} 1/2-1/2

[Event "WJCC U20 Girls 2019"]
[Site "New Delhi"]
[Date "2019.10.24"]
[Round "10.5"]
[White "Kiolbasa, Oliwia"]
[Black "Assaubayeva, Bibisara"]
[Result "0-1"]
[WhiteElo "2223"]
[BlackElo "2381"]
[Annotator "NA"]
[PlyCount "178"]
[EventDate "2019.10.15"]
[EventType "swiss"]
[EventCountry "IND"]
[SourceTitle "playchess.com"]
[Source "ChessBase"]
[SourceQuality "1"]
[TimeControl "40/5400+30:1800+30"]

1. d4 {[%emt 0:00:00]} d5 {[%emt 0:00:00]} 2. c4 {[%emt 0:00:00]} c6 {[%emt 0:00:00]} 3. cxd5 {[%emt 0:00:00]} cxd5 {[%emt 0:00:09]} 4. Bf4 {[%emt 0:00:06]} Nf6 {[%emt 0:02:44]} 5. e3 {[%emt 0:00:33]} e6 {[%emt 0:02:20]} 6. Nc3 {[%emt 0:00:38]} Nc6 {[%emt 0:02:31]} 7. Bd3 {[%emt 0:00:23]} Bd6 {[%emt 0:01:19]} 8. Bxd6 {[%emt 0:00:33]} Qxd6 {[%emt 0:00:02]} 9. f4 {[%emt 0:00:17]} Bd7 {[%emt 0:07:39]} 10. Nf3 {[%emt 0:02:58]} Nb4 {[%emt 0:06:53]} 11. O-O {[%emt 0:06:37]} Nxd3 {[%emt 0:00:33]} 12. Qxd3 {[%emt 0:00:04]} O-O {[%emt 0:05:33]} 13. Rac1 {[%emt 0:01:45]} Rfc8 {[%emt 0:03:44]} 14. Ne5 {[%emt 0:08:55]} Rc7 {[%emt 0:03:37]} 15. g4 $11 {[%emt 0:36:18]} Rac8 {[%emt 0:04:29]} 16. g5 {[%emt 0:01:59]} Ne4 {[%emt 0:04:32]} 17. Nxe4 {[%emt 0:00:14]} dxe4 {[%emt 0:00:02]} 18. Qd2 {[%emt 0:00:44]} Bb5 {[%emt 0:02:51]} 19. Rfe1 {[%emt 0:00:17]} Qd8 {[%emt 0:08:02]} 20. Ng4 {[%emt 0:10:12]} Bc4 {[%emt 0:06:56]} 21. b3 {[%emt 0:02:49]} Bd3 {[%emt 0:03:13]} 22. Rxc7 {[%emt 0:04:01]} Qxc7 {[%emt 0:00:09]} 23. Ne5 Qc3 {[%emt 0:04:59]} 24. Qxc3 {[%emt 0:12:07]} Rxc3 {[%emt 0:00:02]} 25. Nxd3 {[%emt 0:01:20]} exd3 {[%emt 0:00:17]} 26. Rd1 {[%emt 0:00:15]} Kf8 {[%emt 0:01:49]} 27. Rd2 {[%emt 0:02:07]} Rc2 {[%emt 0:11:56]} 28. Rxd3 {[%emt 0:00:07]} Rxa2 {[%emt 0:00:31]} 29. Rc3 {[%emt 0:00:06]} g6 {[%emt 0:01:12]} 30. h3 {[%emt 0:03:13]} Rb2 {[%emt 0:01:31]} 31. Kf1 {[%emt 0:00:17]} b5 {[%emt 0:01:46]} 32. Ke1 {[%emt 0:00:18]} b4 {[%emt 0:00:17]} 33. Rd3 {[%emt 0:00:16]} Ke7 {[%emt 0:00:41]} 34. e4 {[%emt 0:01:04]} a5 {[%emt 0:00:45]} 35. Rf3 {[%emt 0:02:58]} Kd6 {[%emt 0:02:51]} 36. Re3 {[%emt 0:00:08]} Rc2 {[%emt 0:02:14]} 37. Rf3 {[%emt 0:02:01]} Kc6 {[%emt 0:01:24]} 38. Rd3 {[%emt 0:00:19]} Rb2 {[%emt 0:01:01]} 39. Kf1 {[%emt 0:01:00]} Kd6 {[%emt 0:01:54]} 40. Ke1 {[%emt 0:00:06]} Ra2 {[%emt 0:00:58]} 41. d5 {[%emt 0:14:48]} exd5 {[%emt 0:03:52]} 42. Rxd5+ {[%emt 0:00:32]} Kc6 {[%emt 0:01:26]} 43. Kd1 {[%emt 0:00:18]} Rf2 {[%emt 0:02:06]} 44. Rxa5 {[%emt 0:01:36]} Rxf4 {[%emt 0:00:02]} 45. Ra7 {[%emt 0:00:16]} Kc5 {[%emt 0:03:50]} 46. Rd7 {[%emt 0:00:20]} Rf3 {[%emt 0:02:43]} 47. Kc2 {[%emt 0:01:46]} Rc3+ {[%emt 0:00:47]} 48. Kb2 {[%emt 0:00:29]} Rxh3 {[%emt 0:00:06]} 49. Rc7+ {[%emt 0:00:34]} Kd6 {[%emt 0:01:14]} 50. Rxf7 {[%emt 0:00:14]} Rh2+ {[%emt 0:00:38]} 51. Kc1 {[%emt 0:01:29]} Ke5 {[%emt 0:01:44]} 52. Rb7 {[%emt 0:01:03]} Kf4 {[%emt 0:01:02]} 53. Rxb4 {[%emt 0:06:08]} Kxg5 {[%emt 0:00:10]} 54. Rb8 {[%emt 0:00:03]} Re2 {[%emt 0:04:03]} 55. b4 {[%emt 0:00:24]} Rxe4 {[%emt 0:00:10]} 56. b5 {[%emt 0:00:03]} Rd4 {[%emt 0:04:14]} 57. b6 {[%emt 0:00:08]} h5 {[%emt 0:00:47]} 58. Rc8 {[%emt 0:03:25]} Rb4 {[%emt 0:01:15]} 59. Rc5+ {[%emt 0:00:04]} Kh6 {[%emt 0:02:21]} 60. Rc6 {[%emt 0:00:35]} h4 {[%emt 0:00:07]} 61. Kd2 {[%emt 0:01:34]} h3 {[%emt 0:00:26]} 62. Ke3 {[%emt 0:00:27]} Rb1 {[%emt 0:01:44]} 63. b7 {[%emt 0:03:12]} Rxb7 {[%emt 0:01:21]} 64. Kf2 {[%emt 0:00:48]} Rb3 {[%emt 0:01:36]} 65. Kg1 {[%emt 0:02:30]} Kh5 {[%emt 0:00:12]} 66. Kh2 {[%emt 0:00:41]} g5 {[%emt 0:00:10]} 67. Rc8 {[%emt 0:02:21]} Kh4 {[%emt 0:00:10]} 68. Rh8+ {[%emt 0:00:09]} Kg4 {[%emt 0:00:04]} 69. Ra8 {[%emt 0:00:06]} Rb2+ {[%emt 0:00:23]} 70. Kh1 {[%emt 0:00:09]} Kh4 {[%emt 0:00:22]} 71. Ra4+ {[%emt 0:00:27]} g4 {[%emt 0:00:05]} 72. Rc4 {[%emt 0:00:03]} Kg3 {[%emt 0:04:13]} 73. Rc3+ {[%emt 0:00:11]} Kh4 {[%emt 0:01:08]} 74. Rc4 {[%emt 0:00:07]} Re2 {[%emt 0:00:10]} 75. Ra4 {[%emt 0:01:00]} Kg3 {[%emt 0:00:15]} 76. Ra3+ {[%emt 0:00:04]} Kf4 {[%emt 0:01:51]} 77. Ra8 {[%emt 0:02:42]} Kf3 {[%emt 0:00:59]} 78. Ra3+ {[%emt 0:00:11]} Re3 {[%emt 0:00:07]} 79. Ra1 {[%emt 0:00:16]} Kf2 {[%emt 0:02:47]} 80. Kh2 {[%emt 0:00:29]} Re2 {[%emt 0:01:01]} 81. Ra3 {[%emt 0:00:21]} Re3 {[%emt 0:01:05]} 82. Ra1 {[%emt 0:01:03]} Re8 {[%emt 0:00:56]} 83. Ra2+ {[%emt 0:00:27]} Kf3 {[%emt 0:00:07]} 84. Ra3+ {[%emt 0:00:44]} Re3 {[%emt 0:00:06]} 85. Ra1 {[%emt 0:00:06]} Re2+ {[%emt 0:00:05]} 86. Kh1 {[%emt 0:00:04]} g3 {[%emt 0:00:53]} 87. Rb1 {[%emt 0:00:13]} Rf2 {[%emt 0:01:23]} 88. Kg1 {[%emt 0:01:29]} Kg4 {[%emt 0:00:26]} 89. Ra1 {[%emt 0:00:13]} h2+ {[%emt 0:00:15]} 0-1

[Event "WJCC U20 Girls 2019"]
[Site "New Delhi"]
[Date "2019.10.24"]
[Round "10.6"]
[White "Priyanka Nutakki"]
[Black "Divya Deshmukh"]
[Result "1-0"]
[WhiteElo "2248"]
[BlackElo "2358"]
[Annotator "TA"]
[PlyCount "71"]
[EventDate "2019.10.15"]
[EventType "swiss"]
[EventCountry "IND"]
[SourceTitle "playchess.com"]
[Source "ChessBase"]
[SourceQuality "1"]

{[%evp 12,71,21,0,20,0,0,0,20,7,3,0,48,33,62,45,58,31,42,37,67,39,85,64,90,51,58,37,149,139,129,134,146,143,498,500,479,479,479,477,464,465,454,454,442,369,12832,490,445,420,29993,29993,29993,29994,29994,29995,29995,29993,29994,29990,29990,12843]} 1. c4 Nf6 2. Nc3 e6 3. e4 d5 4. e5 d4 5. exf6 dxc3 6. bxc3 Qxf6 7. Nf3 b6 {A18: English Opening: Flohr-Mikenas System (1 c4 Nf6 2 Nc3 e6 3 e4)} 8. g3 (8. d4 Bb7 9. Bd3 Bxf3 10. gxf3 Nd7 11. Be4 Rd8 12. h4 h6 13. Qa4 Bd6 14. Qxa7 e5 15. Be3 exd4 16. cxd4 O-O 17. Rd1 {½-½ (61) Fedoseev,V (2664)-Harikrishna,P (2746) Khanty-Mansiysk 2019}) 8... Bb7 9. Bg2 Bd6 {The position is equal.} 10. O-O O-O 11. d4 Qd8 $146 ({Predecessor:} 11... h6 12. Qd3 Rd8 13. h4 Qf5 14. Qxf5 exf5 15. h5 {½-½ (60) Docx,S (2444)-Fontaine,Q (2313) Charleroi 2018}) 12. Qc2 g6 13. Bh6 Re8 $1 14. h4 Nd7 15. Rfe1 Rb8 16. Bg5 Qc8 17. h5 Bf8 18. hxg6 hxg6 19. d5 {And now dxe6 would win.} exd5 (19... Nc5 $14) 20. Rxe8 $16 Qxe8 21. Re1 $36 {[%mdl 2048] White has strong initiative.} Qc8 22. Nh4 $1 {[%cal Rh4g6]} Bg7 $2 {[%mdl 8192]} (22... Nc5 $16) 23. Bh3 $1 $18 Qf8 24. Bxd7 Qd6 25. Qa4 {Be7 is the strong threat.} dxc4 {With the idea ...Qd5.} 26. Qxa7 Rf8 {Hoping for ...Qd5.} 27. Qxb7 Qxd7 28. Qf3 Qa4 $2 {[#]} (28... Re8) 29. Re7 (29. Nxg6 $142 $1 {[%mdl 512] White threatens Ne7+ and mate.} Ra8 (29... fxg6 30. Qd5+) 30. Re7 $1 {[%mdl 576] Double Attack}) 29... Qxa2 30. Rxc7 f6 (30... Qa1+ $18 31. Kg2 Qxc3) 31. Qd5+ {White mates.} Kh7 32. Qd7 {[%csl Gc7][%cal Rd7g7]} Qb1+ {[#]} 33. Kh2 $1 {[%csl Gc7][%cal Rd7g7]} Rg8 34. Bxf6 Qc2 35. Bxg7 Qxf2+ 36. Ng2 {Accuracy: White = 43%, Black = 24%.} (36. Kh3 $142 Qf1+ 37. Kh2 Qe2+ 38. Ng2 Qh5+ 39. Kg1 Qf5 40. Qe7 g5 41. Bd4+ {[%mdl 64] Discovered Attack} Kh6 42. Rc6+ {[%mdl 64] Double Attack} Kh5 {[#]} 43. g4+ $1 {[%mdl 576] Decoy} Kxg4 44. Qe2+ Kh3 45. Rh6+ Kg3 46. Bf2+ Qxf2+ 47. Qxf2+ Kg4 48. Ne3#) 1-0

[Event "WJCC U20 Girls 2019"]
[Site "New Delhi"]
[Date "2019.10.24"]
[Round "10.7"]
[White "Antova, Gabriela"]
[Black "Potluri Supreetha"]
[Result "1-0"]
[WhiteElo "2318"]
[BlackElo "1767"]
[Annotator "TA"]
[PlyCount "45"]
[EventDate "2019.10.15"]
[EventType "swiss"]
[EventCountry "IND"]
[SourceTitle "playchess.com"]
[Source "ChessBase"]
[SourceQuality "1"]

{[%evp 14,67,58,33,80,68,135,137,173,106,196,199,213,214,215,143,370,369,346,308,437,452,437,443,641,646,952,943,926,883,815,668,836,809,806,805,755,694,883,835,829,829,801,688,710,710,707,707,691,699,679,679,5698,5618,2326,1752]} 1. d4 Nf6 2. c4 g6 3. Nc3 Bg7 4. e4 d6 5. Nf3 O-O 6. Be2 Bg4 7. Be3 Nfd7 8. Qd2 Nc6 {E91: King's Indian: Classical: 6 Be2, unusual replies including 6...c5 and 6...Bg4} (8... a6 9. d5 a5 10. Nd4 Bxe2 11. Qxe2 Na6 12. O-O Nac5 13. b3 e6 14. Rac1 Re8 15. dxe6 fxe6 16. Ndb5 {0-1 (66) Sychev,K (2498)-Korotylev,A (2573) Moscow 2017}) 9. d5 Bxf3 (9... Nb4 $14) 10. gxf3 $16 Ncb8 {White is clearly better.} 11. f4 $146 (11. h4 $1 $18) ({Predecessor:} 11. h4 e5 12. dxe6 fxe6 13. h5 Nc6 14. hxg6 hxg6 15. f4 Rf7 16. O-O-O {1-0 (37) Zanan,E (2422)-Bergauz,N (2286) Rishon Le Zion 2017}) 11... e6 {[#]} (11... c6 $16 {keeps fighting.}) 12. dxe6 $1 $18 fxe6 {[#]} 13. h4 $1 Nc6 14. h5 Nf6 $2 (14... Bxc3 $16 15. Qxc3 Qf6) 15. hxg6 hxg6 16. O-O-O Qe8 {[#]} (16... Ne7 $142 17. Kb1 b6) 17. f5 $1 {[%mdl 512] White is clearly winning.} exf5 18. exf5 Ne5 (18... Ne7 $142 19. fxg6 Nf5) 19. fxg6 c6 20. Bh6 Qe7 21. Bxg7 Qxg7 22. Qxd6 {Hoping for Qe6+.} Nxg6 23. c5 {Played: Rd1-g1} 1-0

[Event "WJCC U20 Girls 2019"]
[Site "New Delhi"]
[Date "2019.10.24"]
[Round "10.8"]
[White "Chitlange Sakshi"]
[Black "Song, Yuxin"]
[Result "0-1"]
[WhiteElo "2175"]
[BlackElo "2292"]
[Annotator "NA"]
[PlyCount "90"]
[EventDate "2019.10.15"]
[EventType "swiss"]
[EventCountry "IND"]
[SourceTitle "playchess.com"]
[Source "ChessBase"]
[SourceQuality "1"]
[TimeControl "40/5400+30:1800+30"]

1. d4 {[%emt 0:00:00]} d5 {[%emt 0:00:00]} 2. c4 {[%emt 0:00:02]} e6 {[%emt 0:00:00]} 3. Nf3 {[%emt 0:00:24]} a6 {[%emt 0:00:00]} 4. Nc3 {[%emt 0:08:05]} dxc4 {[%emt 0:00:01]} 5. e3 {[%emt 0:01:50]} b5 {[%emt 0:00:53]} 6. a4 {[%emt 0:00:51]} b4 {[%emt 0:00:06]} 7. Nb1 {[%emt 0:01:03]} c5 {[%emt 0:00:07]} 8. Bxc4 {[%emt 0:01:42]} Bb7 {[%emt 0:00:09]} 9. O-O {[%emt 0:02:36]} Nf6 {[%emt 0:00:07]} 10. Qe2 {[%emt 0:04:02]} Nbd7 {[%emt 0:00:32]} 11. a5 {[%emt 0:06:54]} Be7 {[%emt 0:13:49]} 12. Nbd2 {[%emt 0:02:11]} cxd4 {[%emt 0:01:03]} 13. Nxd4 {[%emt 0:02:05]} Nc5 {[%emt 0:05:17]} 14. N2b3 {[%emt 0:01:55]} O-O {[%emt 0:06:09]} 15. f3 {[%emt 0:17:41]} Nxb3 {[%emt 0:03:07]} 16. Nxb3 {[%emt 0:01:22]} Bd5 {[%emt 0:13:51]} 17. e4 {[%emt 0:02:18]} Bxc4 {[%emt 0:00:21]} 18. Qxc4 {[%emt 0:00:01]} Qc8 {[%emt 0:00:15]} 19. Qe2 {[%emt 0:01:26]} Nd7 {[%emt 0:00:16]} 20. Be3 {[%emt 0:01:22]} Qb7 {[%emt 0:03:05]} 21. Rac1 {[%emt 0:09:09]} Rac8 {[%emt 0:02:00]} 22. Kh1 {[%emt 0:03:10]} h6 {[%emt 0:04:06]} 23. Bd4 {[%emt 0:04:30]} Bg5 {[%emt 0:14:46]} 24. Be3 {[%emt 0:01:03]} Be7 {[%emt 0:00:49]} 25. Rfd1 {[%emt 0:01:06]} Rxc1 {[%emt 0:04:26]} 26. Rxc1 {[%emt 0:00:02]} Rc8 {[%emt 0:00:09]} 27. Qd1 {[%emt 0:11:04]} Rxc1 {[%emt 0:03:21]} 28. Qxc1 {[%emt 0:00:01]} Bd6 {[%emt 0:00:24]} 29. Qd1 {[%emt 0:06:20]} Qc6 {[%emt 0:02:32]} 30. g3 {[%emt 0:03:42]} Ne5 {[%emt 0:03:55]} 31. Bf4 {[%emt 0:00:18]} g5 {[%emt 0:00:38]} 32. Bxe5 {[%emt 0:02:09]} Bxe5 {[%emt 0:00:02]} 33. Qe2 {[%emt 0:01:17]} Qa4 {[%emt 0:01:04]} 34. Nc5 {[%emt 0:02:07]} Qxa5 {[%emt 0:00:56]} 35. Nxa6 {[%emt 0:01:32]} Bxb2 {[%emt 0:00:01]} 36. Kg2 {[%emt 0:00:37]} Bd4 {[%emt 0:01:14]} 37. Qc4 {[%emt 0:00:56]} b3 {[%emt 0:00:16]} 38. Qxd4 {[%emt 0:01:08]} Qa2+ {[%emt 0:00:01]} 39. Kh3 {[%emt 0:00:13]} b2 {[%emt 0:06:10]} 40. Qd8+ {[%emt 0:00:37]} Kg7 {[%emt 0:00:01]} 41. Nc7 {[%emt 0:13:15]} b1=Q {[%emt 0:00:26]} 42. Ne8+ {[%emt 0:01:20]} Kh7 {[%emt 0:00:08]} 43. Qf6 {[%emt 0:11:44]} Qf1+ {[%emt 0:00:11]} 44. Kg4 {[%emt 0:00:02]} h5+ {[%emt 0:00:09]} 45. Kxg5 {[%emt 0:00:21]} Qb5+ {[%emt 0:00:08]} 0-1